Du caractere Hellenique de la Macedoine (1897-1928) = Uber den Hellenischen charakter der Makedonier (1897-1928)
Αποθηκεύτηκε σε:
| Κύριος συγγραφέας: | |
|---|---|
| Μορφή: | Βιβλίο |
| Γλώσσα: | French German |
| Δημοσίευση: |
Heraklion :
Societe des Etudes Historiques Cretoises,
1992.
|
| Θέματα: | |
| Ετικέτες: |
Προσθήκη ετικέτας
Δεν υπάρχουν, Καταχωρήστε ετικέτα πρώτοι!
|
MARC
| LEADER | 00000cam a2200000 i 4500 | ||
|---|---|---|---|
| 001 | 1/99829 | ||
| 008 | 950405s1992####gr | | ||| |||| ||fre|| | ||
| 035 | |l 10011460 | ||
| 040 | |a GR-MY-UA |b gre |e aacr | ||
| 041 | 0 | |a fre |a ger | |
| 082 | 0 | |a 938.664 | |
| 100 | 1 | |a Χατζηδάκης, Γεώργιος Ν. | |
| 245 | 1 | 0 | |a Du caractere Hellenique de la Macedoine (1897-1928) = |b Uber den Hellenischen charakter der Makedonier (1897-1928) / |c Georghios N. Hatzidakis. |
| 246 | 1 | |i Παράλληλος τίτλος: |a Uber den Hellenischen charakter der Macedonier, 1897-1928 | |
| 260 | |a Heraklion : |b Societe des Etudes Historiques Cretoises, |c 1992. | ||
| 300 | |a 104 p. | ||
| 650 | 0 | 0 | |a Ethnology |z Macedonia. |
| 650 | 0 | 0 | |a Greeks |z Macedonia. |
| 651 | 0 | |a Macedonia |x History. | |
| 852 | |a INST |b LESVOS |e 19950405 |h 938.664 ΧΑΤ |p 005100001815 |q 005100001815 |t BK |y 0 | ||
| 909 | |a Λ |b 039709 | ||
| 922 | |a 1ΔΩΡ |b 199502 |c ΤΚΑ | ||